| 000 | 00755nam a22002055i 4500 | ||
|---|---|---|---|
| 001 | 165146 | ||
| 003 | ES-MaACL | ||
| 005 | 20250717063047.0 | ||
| 008 | ç81124s1867 fr |||| | fre d | ||
| 040 |
_aCCPB | B _bspa _cCCPB | B |
||
| 100 | 1 |
_aSélden, Camille, _d1830-1896 _9133094 |
|
| 245 | 1 | 3 |
_aLa musique en Allemagne _b: Mendelssohn / _cpar Camille Sélden. |
| 260 |
_aParis [etc.] : _bGermer Baillière, _c1867 ( _fImprimerie de E. Martinet) |
||
| 300 |
_aVI, 156 p. ; _c19 cm. |
||
| 490 | 1 | _aBibliothèque de philosophie contemporaine | |
| 600 | 1 | 4 |
_aMendelssohn-Bartholdy, Felix. _9138911 |
| 830 | 0 |
_aBibliothèque de philosophie contemporaine _9181027 |
|
| 852 |
_aES-MaACL _jF-11510 _z-- Enc. pasta |
||
| 999 |
_c165146 _d165146 |
||